00989cam a22002531 4500001001300000003000400013005001700017008004100034010001700075035001900092040004800111050002300159100004600182245007300228260009500301300008700396490006800483504004200551650002600593650002400619650004400643650001000687740003800697gs 38000276 DLC20260227111343.0780223s1938 lauabc 001 0 eng c ags 38000276  a(OCoLC)3663146 aU.S. Geol. Survey. Libr.cArLUAdOCoLCdDLC00aQE117b.A22 no. 111 aTaylor, Ralph E.q(Ralph Emerson),d1905-10aOrigin of the cap rock of Louisiana salt domes,cby Ralph E. Taylor. aNew Orleans, La.,bPublished by Dept. of conservation, Louisiana Geological survey,c1938. axiv, 191 p. incl. illus., XXVI pl., tables, diagrs.bfold. map (in pocket)c23 cm.0 aLouisiana. Dept. of conservation. Geological bulletinvno. 11 aAppendix C: Bibliography: p. 138-155. 0aPetroleumzLouisiana. 0aGeologyzLouisiana. 0aMines and mineral resourceszLouisiana. 0aSalt.0 aCap rock of Louisiana salt domes.